Normal view
MARC view
Entry Personal Name
001 - CONTROL NUMBER
- control field: 6239
003 - CONTROL NUMBER IDENTIFIER
- control field: BD-RjUL
005 - DATE AND TIME OF LATEST TRANSACTION
- control field: 20221208120534.0
008 - FIXED-LENGTH DATA ELEMENTS
- fixed length control field: 221208|| aca||aabn | a|a d
040 ## - CATALOGING SOURCE
- Original cataloging agency: BD-RjUL
- Transcribing agency: BD-RjUL
100 ## - HEADING--PERSONAL NAME
- Personal name: الوحيد خواجه عبد ; مترجم ;; alwahid khuajuh eabd ; mutarjim
670 ## - SOURCE DATA FOUND
- Source citation: Work cat.: (BD-RjUL)78303: امام محمد ;; Imam Muhammad 247427, موطا امام محمد ;; Mota Imam Muhammad